000 00571nam a2200193Ia 4500
003 OSt
005 20240404160354.0
008 210210b1998 xxu||||| |||| 00| 0 eng d
040 _cAL
041 _aKannada
082 _aK894.6 SHIP
100 _aSHIVARAMA KARANTA.
_993386
_dಶಿವರಾಮ ಕಾರಂತ
245 _aPatravyavahara mattu nanu.
_bಪತ್ರವ್ಯವಹಾರ ಮತ್ತು ನಾನು
260 _aMangaluru
_bVishvavidyalaya
_c1998
300 _axxxii,534
690 _aKannada Letters
_993387
906 _a054164
942 _2ddc
_cBK
999 _c102023
_d102023